The Wombats - Let's Dance To Joy Division (lyrics) - Statistics

General Stats
  • This quiz has been taken 25 times
  • The average score is 308 of 348
Answer Stats
Lyrics % Correct
A
100%
a
100%
and
100%
And
100%
celebrate
100%
dance
100%
Division
100%
ever
100%
everything
100%
Everything
100%
go
100%
Go
100%
happy
100%
I
100%
is
100%
Joy
100%
Let
100%
(Let
100%
let
100%
Let's
100%
so
100%
So
100%
the
100%
we
100%
wrong
100%
back
95%
But
95%
but
95%
going
95%
in
95%
irony
95%
Liverpool
95%
night
95%
to
95%
To
95%
we're
95%
where
95%
all
89%
I'm
89%
last
89%
same
89%
seems
89%
something
89%
this
89%
you
89%
You
89%
apart
84%
apart)
84%
boy's
84%
brain
84%
ceiling
84%
for
84%
glass
84%
know
84%
little
84%
love
84%
of
84%
our
84%
out
84%
raise
84%
small
84%
that
84%
us
84%
years
84%
your
84%
advice
79%
ask
79%
broken
79%
could
79%
floor
79%
heart
79%
mistakes
79%
piece
79%
side
79%
taxi
79%
tear
79%
town
79%
twenty-
79%
two
79%
what
79%
will
79%
worked
79%
be
74%
booth
74%
break
74%
changed
74%
cure
74%
darker
74%
DJ
74%
down
74%
feeling
74%
from
74%
grab
74%
if
74%
it
74%
learn
74%
make
74%
my
74%
now
74%
please
74%
Please
74%
take
74%
that's
74%
took
74%
Yeah
74%
yeah
74%
'Cause
68%
found
68%
wait
68%
I've
63%
purse
63%
we'll
63%
you're
63%
lead
58%
Up
58%
through
53%
No matching quizzes found
Score Distribution
Percent of People with Each Score
Percentile by Number Answered
Your Score History
You have not taken this quiz